|
|
|
|
| LEADER |
00000nab a2200000 a 4500 |
| 001 |
vtls010114742 |
| 003 |
SK-MaSNL |
| 005 |
20260426063515.0 |
| 008 |
140328c2010 xo ||||||||||||00 b|slo |
| 015 |
|
|
|a SNBRB2010/07
|2 snkbucl
|
| 038 |
|
|
|a SNKBUCL
|
| 040 |
|
|
|a SNKBUCL
|b slo
|c SNKBUCL
|e AACR2
|
| 041 |
0 |
|
|a slo
|b eng
|
| 044 |
|
|
|a xo
|c SK
|
| 080 |
|
|
|a 711.432
|x (437.6)
|2 2001
|
| 100 |
1 |
|
|a Hrdý, Vladimír,
|4 aut
|9 1180579
|
| 245 |
1 |
0 |
|a Výhry a prehry urbanizmu v Bratislave
|c Vladimír Hrdý
|
| 300 |
|
|
|b Obr.
|
| 546 |
|
|
|a Res. angl.
|
| 648 |
|
7 |
|a 2010
|2 snkbucl
|9 324355
|
| 650 |
0 |
7 |
|a urbanizmus
|2 SNKPH
|9 2925
|
| 650 |
0 |
7 |
|a územné plány
|2 SNKPH
|9 302481
|
| 650 |
0 |
7 |
|a rozvoj miest
|2 SNKPH
|9 2928
|
| 651 |
|
7 |
|a Bratislava (Slovensko)
|2 SNKPHgeo
|9 14568
|
| 773 |
0 |
|
|t ASB
|g Roč. XVII, č. 6 (2010), s. 46-47
|x 1335-1230
|
| 852 |
|
|
|a SNK
|b KIS3GCP
|
| 958 |
|
|
|a SK
|
| 999 |
|
|
|c 2556809
|d 2558739
|